000 00534nam a2200193Ia 4500
001 12647
003 GE_BSU
008 181216s||||||||xx |||||||||||||| ||und||
040 _cGE_BSU
080 _a575.1:635.21
245 _aГенетика картофеля
245 _cОтв.ред.В.В.Хвостова. И.М.Яшина. Ред.В.А.Аветисов
260 _aМосква
260 _bНаука
260 _c1973
300 _a262стр.22см.
653 _aГенетика картофеля
942 _cBK
999 _c45818
_d45818